[Event "Championnat de France des Jeunes - Open "]
[Site "AIX LES BAINS"]
[Date "????.??.??"]
[Round "2.2"]
[White "Durand, Victor"]
[Black "Madeline, Paul"]
[Result "1-0"]
[WhiteElo "1856"]
[BlackElo "1550"]
[PlyCount "81"]

1. e4 e6 2. d4 d5 3. e5 c5 4. c3 Nc6 5. Nf3 Qb6 6. a3 Nge7 7. b4 c4 8. Be2 Ng6
9. O-O Be7 10. Kh1 a5 11. Bb2 Bd7 12. Ne1 Bg5 13. g3 Nge7 14. f4 Bh6 15. Bg4
Ra6 16. Ng2 Na7 17. Bh3 Bc6 18. Ne3 g6 19. Qe2 Nb5 20. Nd2 Qd8 21. Nf3 Nc8 22.
a4 Nxc3 23. Bxc3 axb4 24. Bxb4 Bxa4 25. Nh4 Qb6 26. Bc5 Qb5 27. Rab1 Bb3 28.
Nxd5 Qc6 29. Qf3 Qxd5 30. Qxd5 exd5 31. Bxc8 Bc2 32. Rxb7 Be4+ 33. Kg1 Ra2 34.
Rb8 Kd8 35. Bd6 Rb2 36. Rxb2 Kxc8 37. Rb8+ Kd7 38. Rxh8 g5 39. fxg5 Bxg5 40.
Rxf7+ Ke6 41. Rc7 1-0

[Event "Championnat de France des Jeunes - Open "]
[Site "AIX LES BAINS"]
[Date "????.??.??"]
[Round "2.3"]
[White "Jean, Nicolas"]
[Black "Lagunes, Robin"]
[Result "0-1"]
[WhiteElo "1600"]
[BlackElo "1856"]
[PlyCount "70"]

1. e4 d6 2. Nf3 Nf6 3. Nc3 g6 4. Bc4 Bg7 5. d3 a6 6. Be3 c5 7. Qd2 b5 8. Bb3
Bd7 9. Bh6 O-O 10. Bxg7 Kxg7 11. O-O Nc6 12. Rfe1 Bg4 13. Re3 Nd4 14. Ne1 Rc8
15. h3 Bd7 16. Rd1 e5 17. Kf1 Nh5 18. a3 f5 19. Nd5 f4 20. Rf3 g5 21. g4 fxg3
22. Rxf8 Bxh3+ 23. Kg1 Qxf8 24. Qxg5+ Kh8 25. Rd2 Nf3+ 26. Nxf3 Qxf3 27. Ne3 c4
28. dxc4 Rg8 29. Qxg8+ Kxg8 30. c5+ Kg7 31. cxd6 gxf2+ 32. Rxf2 Qxe3 33. d7
Qe1+ 34. Kh2 Qxf2+ 35. Kxh3 Qg3# 0-1

[Event "Championnat de France des Jeunes - Open "]
[Site "AIX LES BAINS"]
[Date "????.??.??"]
[Round "2.4"]
[White "Allard, Julien"]
[Black "Pommarede, Marc"]
[Result "1-0"]
[WhiteElo "1850"]
[BlackElo "1540"]
[PlyCount "37"]

1. e4 e5 2. Nf3 Nc6 3. Bc4 Bc5 4. c3 Nf6 5. d4 exd4 6. e5 Qe7 7. O-O Ng4 8.
cxd4 Bb6 9. Nc3 O-O 10. h3 Nh6 11. Bxh6 gxh6 12. Qd2 Kg7 13. Rfe1 f6 14. Re4 f5
15. Rh4 Kh8 16. Qxh6 d6 17. Ng5 Qg7 18. Qxh7+ Qxh7 19. Rxh7# 1-0

[Event "Championnat de France des Jeunes - Open "]
[Site "AIX LES BAINS"]
[Date "????.??.??"]
[Round "2.6"]
[White "Garnier, Teddy"]
[Black "Suescun, Baptiste"]
[Result "1-0"]
[WhiteElo "1785"]
[BlackElo "1530"]
[PlyCount "53"]

1. e4 e6 2. d4 d5 3. Nd2 Nf6 4. e5 Nfd7 5. Ngf3 c5 6. c3 Nc6 7. Bd3 Qb6 8. O-O
cxd4 9. cxd4 Nxd4 10. Nxd4 Qxd4 11. Nf3 Qb6 12. Qa4 Be7 13. Be3 Qd8 14. Qg4 g6
15. Rac1 h5 16. Qg3 Rg8 17. h4 Bxh4 18. Nxh4 Nxe5 19. Qxe5 Qxh4 20. Bg5 Qg4 21.
Qf6 Kf8 22. Bh6+ Ke8 23. Bb5+ Bd7 24. Rc7 Rd8 25. Bxd7+ Rxd7 26. Rc8+ Rd8 27.
Rxd8# 1-0

[Event "Championnat de France des Jeunes - Open "]
[Site "AIX LES BAINS"]
[Date "????.??.??"]
[Round "2.7"]
[White "Clowez, Juliette"]
[Black "Brandt, Anatole"]
[Result "0-1"]
[WhiteElo "1540"]
[BlackElo "1773"]
[PlyCount "123"]

1. e4 c5 2. Nf3 Nc6 3. d4 cxd4 4. Nxd4 g6 5. Nc3 Bg7 6. Be3 Nf6 7. Bc4 Qa5 8.
O-O O-O 9. Re1 d6 10. h3 Bd7 11. Qd3 Ne5 12. Qe2 Nxc4 13. Qxc4 Rac8 14. Qd3 Qb4
15. Rab1 a6 16. a3 Qc4 17. Qxc4 Rxc4 18. Rbd1 Rfc8 19. Bg5 h6 20. Be3 Ba4 21.
Nxa4 Rxa4 22. c3 Nxe4 23. Bxh6 Nxc3 24. bxc3 Bxh6 25. Rxe7 Rxa3 26. Rxb7 Raxc3
27. Ne2 R3c6 28. Rd7 Bf8 29. Nf4 R6c7 30. Rxc7 Rxc7 31. Nd5 Rc6 32. Nb4 Rb6 33.
Nd5 Rb7 34. Nf6+ Kg7 35. Ne8+ Kg8 36. Nf6+ Kh8 37. Rd4 Rb8 38. Ra4 Ra8 39. Rc4
Kg7 40. Nd7 a5 41. Ra4 Be7 42. Nb6 Ra6 43. Nd5 Kf8 44. Kf1 f5 45. Ke2 Bd8 46.
Ke3 Kf7 47. g4 Ke6 48. Kd4 g5 49. f4 fxg4 50. hxg4 gxf4 51. Nxf4+ Kd7 52. Kd5
Rc6 53. Ne6 Rc1 54. Nxd8 Rc5+ 55. Ke4 Kxd8 56. Rd4 Ke7 57. Kf4 Ke6 58. g5 Rf5+
59. Kg4 Ke5 60. Rxd6 Rxg5+ 61. Kxg5 Kxd6 62. Kf4 0-1

[Event "Championnat de France des Jeunes - Open "]
[Site "AIX LES BAINS"]
[Date "????.??.??"]
[Round "2.8"]
[White "Pluvinage, Thomas"]
[Black "Mohnblatt, Nicolas"]
[Result "1-0"]
[WhiteElo "1770"]
[BlackElo "1520"]
[PlyCount "83"]

1. e4 c5 2. Nf3 Nc6 3. Bb5 d6 4. c3 Bd7 5. O-O Nf6 6. Re1 a6 7. Bf1 Bg4 8. h3
Bh5 9. d3 e5 10. Bg5 Be7 11. Nbd2 b5 12. Qc2 O-O 13. g4 Bg6 14. Bg2 h5 15. Nh2
Qd7 16. f3 Nh7 17. Bxe7 Qxe7 18. Ndf1 Ng5 19. Ng3 hxg4 20. fxg4 Ne6 21. Nf5
Bxf5 22. exf5 Nf4 23. Bxc6 Rac8 24. Bg2 Qh4 25. Re3 Qg5 26. Rae1 c4 27. dxc4
bxc4 28. Bf1 Rfe8 29. Qf2 Kf8 30. Nf3 Qd8 31. Qh4 Qb6 32. Qh8+ Ke7 33. Qxg7 Nd5
34. f6+ Nxf6 35. Nd4 Rg8 36. Rxe5+ dxe5 37. Rxe5+ Kd7 38. Qxf7+ Kd6 39. Re6+
Kc5 40. Rxb6 Rgf8 41. Qe6 Ne4 42. Rc6+ 1-0

[Event "Championnat de France des Jeunes - Open "]
[Site "AIX LES BAINS"]
[Date "????.??.??"]
[Round "2.9"]
[White "Djemai, Djamel"]
[Black "Alliot, Kevin"]
[Result "0-1"]
[WhiteElo "1530"]
[BlackElo "1758"]
[PlyCount "94"]

1. c4 e6 2. Nc3 c5 3. Nf3 Nf6 4. g3 d5 5. cxd5 exd5 6. d4 c4 7. Bf4 a6 8. Bg2
Be7 9. O-O b5 10. a3 Bb7 11. Re1 O-O 12. Ne5 Nc6 13. Nxc6 Bxc6 14. Qc2 Re8 15.
Rad1 Qd7 16. e4 dxe4 17. Bxe4 Nxe4 18. Nxe4 Qd5 19. f3 f5 20. Nd2 Bf6 21. Be5
Bxe5 22. dxe5 Rxe5 23. Rxe5 Qxe5 24. Kf1 Re8 25. Nxc4 Qc5 26. Rc1 bxc4 27.
Qxc4+ Qxc4+ 28. Rxc4 Bb5 29. b3 Rc8 30. Kg2 Bxc4 31. bxc4 Rxc4 32. Kh3 Rc3 33.
a4 Rxf3 34. Kg2 Ra3 35. h3 Rxa4 36. g4 fxg4 37. hxg4 Rxg4+ 38. Kf3 h5 39. Ke3
a5 40. Kd3 a4 41. Kc3 h4 42. Kd3 h3 43. Kc3 h2 44. Kd3 h1=Q 45. Ke3 Qh3+ 46.
Kf2 Rg2+ 47. Kf1 Qh1# 0-1

[Event "Championnat de France des Jeunes - Open "]
[Site "AIX LES BAINS"]
[Date "????.??.??"]
[Round "2.10"]
[White "Richard, Francois"]
[Black "Bodin, Alexandre"]
[Result "1-0"]
[WhiteElo "1740"]
[BlackElo "1510"]
[PlyCount "125"]

1. d4 d5 2. c4 e6 3. Nc3 Nf6 4. Nf3 Be7 5. Bf4 c6 6. e3 O-O 7. Bd3 Bd6 8. Bg5
h6 9. Bh4 Nbd7 10. Qc2 dxc4 11. Bxc4 Qc7 12. a3 b6 13. Rd1 Bb7 14. e4 e5 15.
Ba2 Rac8 16. Bb1 Rfe8 17. dxe5 Bxe5 18. Nxe5 Qxe5 19. Bg3 Qe6 20. f4 c5 21. e5
g6 22. O-O Ng4 23. Rfe1 h5 24. Rd6 Qe7 25. h3 Nh6 26. Qa4 Nf8 27. Qc4 Nf5 28.
Bxf5 gxf5 29. Rh6 Qd7 30. Bh4 Qd2 31. Re2 Qc1+ 32. Kh2 Ng6 33. Rxg6+ Kf8 34.
Rh6 b5 35. Qd3 Qxf4+ 36. g3 Qxh6 37. Qxf5 Qc1 38. Ne4 Bxe4 39. Qxe4 Qh6 40. Rf2
Qe6 41. Bf6 Red8 42. Bxd8 Rxd8 43. Qb7 a6 44. Qc7 Rc8 45. Rxf7+ Qxf7 46. Qxc8+
Kg7 47. Qxc5 Qf5 48. Qe7+ Kg8 49. Qc5 Kg7 50. Qd4 Kf7 51. Kg2 Kg6 52. g4 Qc2+
53. Kg3 Qe2 54. Qd6+ Kh7 55. Qd7+ Kh6 56. Qe6+ Kg7 57. Qf6+ Kg8 58. e6 Qe3+ 59.
Kh4 hxg4 60. hxg4 Qe1+ 61. Kg5 Qe3+ 62. Kg6 Qe4+ 63. Qf5 1-0